| 000 | 00795nam a2200241Ia 4500 | ||
|---|---|---|---|
| 003 | GCL | ||
| 008 | 140319s9999 xx 000 0 ara d | ||
| 040 |
_aGCL / _cGCL |
||
| 082 | 0 | 4 |
_a953.023 _bم م |
| 100 | 1 | _aمحمد عبدالله عنان | |
| 245 | 1 | 0 |
_aمصر الاسلامية وتاريخ الخطط المصرية / _cمحمد عبدالله عنان |
| 260 |
_a[S.N] : _bمكتبة الخانجى ، _c1969 |
||
| 300 | _a317 | ||
| 490 | _a | ||
| 650 | 0 | 4 | _aمصر |
| 650 | 0 | 4 | _aتاريخ |
| 650 | 0 | 4 | _aالحروب الصليبية |
| 650 | 0 | 4 | _aالفتوحات الاسلامية |
| 650 | 0 | 4 | _aالتاريخ الاسلامى |
| 650 | 0 | 4 | _aعمر بن الخطاب |
| 650 | 0 | 4 | _aالعالم العربى - تاريخ - العصر العثمانى |
| 942 |
_2ddc _cBK |
||
| 999 |
_c59080 _d59080 |
||